Statistics for DC General Knowledge Quiz

Click here to take the quiz!

General Stats

  • This quiz has been taken 23 times
  • The average score is 8 of 15

Answer Stats

HintAnswer% Correct
Who is the first Robin?Dick Grayson
100%
Which Robin is Nightwing?Dick Grayson
70%
Who is Black Adam's arch enemy?Shazam
70%
Which robin was resurrected in the Lazarus pit?Jason Todd
65%
Who was Batman in flahspoint?Thomas Wayne
65%
Who did Joker kill in injustice?Lois Lane
60%
What is Superman's son superhero alias?Superboy
60%
Who killed Shazam in injustice?Superman
55%
Where is Green Arrow from?Star City
45%
Who is Ray Palmer?Atom
40%
What is Scarecrow's real name?Jonathan Crane
40%
What is Cyborg's real name?Victor Stone
35%
Who kills Thomas and Martha Wayne?Joe Chill
30%
What is Batwoman's real name?Kate Kane
30%
Who is the Flash's grandson?Impulse
20%

Score Distribution

Percentile by Number Answered

Percent of People with Each Score

Your Score History

You have not taken this quiz